[Event "Rilton Cup 2013-14"]
[Site "Stockholm SWE"]
[Date "2014.01.02"]
[Round "6.22"]
[White "Annenkov, Kirill"]
[Black "Henriksson, Johan"]
[Result "1/2-1/2"]
[WhiteTitle "FM"]
[BlackTitle "FM"]
[WhiteElo "2232"]
[BlackElo "2266"]
[WhiteFideId "4129733"]
[BlackFideId "1703560"]
[EventDate "2013.12.27"]

1. d4 d5 2. c4 c6 3. cxd5 cxd5 4. Bf4 Nc6 5. e3 Nf6 6. Bd3 e6 7. Nc3 Bd6 8. Bxd6
Qxd6 9. f4 Bd7 10. Nf3 a6 11. Ne5 Na7 12. O-O g6 13. Rc1 b5 14. g4 h5 15. g5 Ng8
16. f5 exf5 17. e4 Ne7 18. exf5 Bxf5 19. Bxf5 gxf5 20. Qe2 Kf8 21. Kh1 Nac6 22.
Qd3 Nxe5 23. dxe5 Qxe5 24. Rce1 Qd6 25. Rxe7 Qxe7 26. Qxf5 Kg7 27. Nxd5 Qe6 28.
Qf3 Rae8 29. Nf6 Re7 30. Nd5 Rhe8 31. Nxe7 Rxe7 32. Qxh5 Qd5+ 33. Kg1 Qd4+ 34.
Kh1 Qd5+ 35. Kg1 Qd4+ 36. Kh1 Qd5+ 1/2-1/2

[Event "Rilton Cup 2013-14"]
[Site "Stockholm SWE"]
[Date "2014.01.02"]
[Round "6.23"]
[White "Mihok, Oliver"]
[Black "Lochte, Thomas"]
[Result "1-0"]
[WhiteTitle "IM"]
[WhiteElo "2466"]
[BlackElo "2110"]
[WhiteFideId "728012"]
[BlackFideId "4606272"]
[EventDate "2013.12.27"]

1. e4 d5 2. exd5 Nf6 3. Nf3 Nxd5 4. d4 Bg4 5. h3 Bh5 6. g4 Bg6 7. Ne5 Nc6 8.
Nxg6 hxg6 9. Bg2 e6 10. O-O Qf6 11. Nc3 Nf4 12. Bxf4 Qxf4 13. Ne2 Qd6 14. f4
O-O-O 15. c3 Be7 16. Qa4 Rh4 17. b4 Rdh8 18. b5 Nd8 19. Rf3 g5 20. c4 gxf4 21.
c5 Qd5 22. Qxa7 Qc4 23. c6 bxc6 24. Rc1 Qxb5 25. Rb3 Bb4 26. Nxf4 Qa5 27. Qxa5
Bxa5 28. Nd3 Bb6 29. Nc5 e5 30. Ra3 Bxc5 31. dxc5 Kd7 32. Rd1+ Ke7 33. Rad3 Ne6
34. Rd7+ Kf8 35. Rf1 Nf4 36. a4 g5 37. a5 Nxh3+ 38. Bxh3 Rxh3 39. Rfxf7+ Ke8 40.
Rfe7+ Kf8 41. Rxc7 Ra3 42. Rf7+ Ke8 43. Rce7+ Kd8 44. Ra7 Ke8 45. Rg7 Kf8 46.
Rgc7 Ra1+ 47. Kg2 Ra2+ 48. Kf3 Rh3+ 49. Ke4 1-0

[Event "Rilton Cup 2013-14"]
[Site "Stockholm SWE"]
[Date "2014.01.02"]
[Round "6.24"]
[White "Johansson, Gunnar"]
[Black "Kassani, Sam"]
[Result "1/2-1/2"]
[WhiteElo "2244"]
[BlackElo "2095"]
[WhiteFideId "1703501"]
[BlackFideId "1709089"]
[EventDate "2013.12.27"]

1. d4 d5 2. c4 c6 3. Nf3 Nf6 4. e3 Bf5 5. Nc3 e6 6. Nh4 Bg6 7. Nxg6 hxg6 8. Bd2
Nbd7 9. g3 Be7 10. b3 O-O 11. Bg2 Ba3 12. O-O Qe7 13. Re1 Rfe8 14. Qc2 Rad8 15.
Rad1 Bb4 16. Ne2 g5 17. Bxb4 Qxb4 18. Qd2 Qb6 19. Nc3 Qb4 20. Nxd5 Nxd5 21. cxd5
Qxd2 22. Rxd2 exd5 23. Rc2 Nb6 24. a4 a6 25. Bf3 Rd6 26. Kg2 g6 1/2-1/2

[Event "Rilton Cup 2013-14"]
[Site "Stockholm SWE"]
[Date "2014.01.02"]
[Round "6.25"]
[White "Trygstad, Kristian"]
[Black "Bit-Narva, David"]
[Result "1-0"]
[WhiteTitle "FM"]
[WhiteElo "2228"]
[BlackElo "1877"]
[WhiteFideId "1501860"]
[BlackFideId "24128856"]
[EventDate "2013.12.27"]

1. e4 c5 2. Nc3 a6 3. g3 b5 4. Bg2 Bb7 5. d3 e6 6. Qe2 Nc6 7. Nf3 Be7 8. O-O d6
9. Bd2 Nf6 10. Nd1 O-O 11. c3 Qb6 12. Ne3 d5 13. exd5 Nxd5 14. Nxd5 exd5 15.
Rae1 Bf6 16. Bg5 Bxg5 17. Nxg5 h6 18. Nh3 Rfe8 19. Qxe8+ Rxe8 20. Rxe8+ Kh7 21.
Bxd5 Ne7 22. Bxb7 Qxb7 23. Re1 Ng6 24. f4 Qd7 25. Nf2 h5 26. Ne4 Qxd3 27. Ng5+
Kh6 28. Nxf7+ Kh7 29. Ng5+ Kh6 30. Nf7+ Kh7 31. Ne5 Qc2 32. Nxg6 Kxg6 33. R8e2
Qd3 34. Re6+ Kh7 35. R6e5 Qd2 36. R1e2 Qd1+ 37. Kf2 g6 38. Rxc5 Qh1 39. Rc7+ Kh6
40. Ree7 Qxh2+ 41. Kf3 Qh1+ 42. Ke3 Qg1+ 43. Ke4 Qg2+ 44. Kd4 Qd2+ 45. Kc5 1-0

[Event "Rilton Cup 2013-14"]
[Site "Stockholm SWE"]
[Date "2014.01.02"]
[Round "6.26"]
[White "Aroven, Mikael"]
[Black "Soderberg, Per"]
[Result "0-1"]
[WhiteElo "2045"]
[BlackElo "2183"]
[WhiteFideId "1709534"]
[BlackFideId "1702904"]
[EventDate "2013.12.27"]

1. c4 Nf6 2. g3 c6 3. Bg2 d5 4. b3 Bf5 5. Nf3 e6 6. O-O Bd6 7. d3 O-O 8. Bb2 Qe7
9. Nh4 Bg6 10. Nxg6 hxg6 11. Qc1 Nbd7 12. Nd2 a5 13. a3 Rfc8 14. e4 dxe4 15.
dxe4 e5 16. Qc3 b5 17. cxb5 cxb5 18. Qd3 Rab8 19. Rfd1 Nc5 20. Qe2 Rd8 21. h3
Qe6 22. Rab1 Bc7 23. b4 axb4 24. axb4 Nd3 25. Ba1 Bb6 26. Rf1 Qa2 27. Kh2 Rbc8
28. Bxe5 Nxe5 29. Qxb5 Bd4 30. Nb3 Bc3 31. Nc5 Rd2 32. Qa6 Ra8 33. Qxa2 Raxa2
34. b5 Bd4 35. Nb3 Rxf2 36. Rxf2 Bxf2 37. Nc1 Rc2 38. Nb3 Bb6 39. Kh1 Nh5 40.
Rc1 Rb2 41. Rc3 Rb1+ 42. Nc1 Nxg3+ 43. Kh2 Nh5 44. Bf1 Bd4 45. Rc8+ Kh7 46. Ne2
Nf3+ 47. Kg2 Nh4+ 48. Kh2 Be5+ 49. Kg1 Nf3+ 50. Kf2 Nd2 51. Bg2 Rxb5 52. Rc2 Nb3
53. Rc4 Nc5 54. Bf3 Nd3+ 55. Kg2 Nhf4+ 56. Nxf4 Nxf4+ 57. Kg3 Rb2 58. Ra4 Kh6
59. Ra3 Nh5+ 60. Kg4 Nf6+ 0-1

[Event "Rilton Cup 2013-14"]
[Site "Stockholm SWE"]
[Date "2014.01.02"]
[Round "6.27"]
[White "Jonsson, Emil"]
[Black "Evertsson, Lennart"]
[Result "1/2-1/2"]
[WhiteElo "2076"]
[BlackElo "2186"]
[WhiteFideId "1712268"]
[BlackFideId "1705156"]
[EventDate "2013.12.27"]

1. f4 Nf6 2. Nf3 d6 3. Nc3 Bg4 4. e4 c6 5. h3 Bxf3 6. Qxf3 Nbd7 7. b3 e5 8. g4
exf4 9. Qxf4 Qe7 10. Bb2 Nc5 11. O-O-O O-O-O 12. Bg2 Nfd7 13. Rhf1 f6 14. Qf2
Kb8 15. d4 Na6 16. Kb1 Nc7 17. Ne2 d5 18. Ng3 Qb4 19. Qd2 Qxd2 20. Rxd2 Bb4 21.
c3 Bf8 22. Re2 a5 23. exd5 cxd5 24. c4 a4 25. Nh5 dxc4 26. bxc4 Nb6 27. c5 Nbd5
28. Nf4 Nxf4 29. Rxf4 h5 30. Bc3 hxg4 31. hxg4 a3 32. Ba5 Rh2 33. Kc2 Nd5 34.
Rff2 b6 35. cxb6 Bb4 36. Bxb4 Nxb4+ 37. Kc3 Nd5+ 38. Bxd5 Rxf2 39. Rxf2 Rxd5 40.
Rf5 Rd6 41. Rb5 Kb7 42. Rb3 Rd5 43. Rxa3 Kxb6 44. Kc4 Rg5 45. Rg3 Ra5 46. Rb3+
Kc6 47. d5+ Kc7 48. Re3 Kd6 49. Re6+ Kd7 50. g5 Rxa2 51. gxf6 gxf6 52. Rxf6 Ra4+
53. Kb5 Ra1 54. Kc5 Rc1+ 55. Kd4 Rd1+ 56. Ke4 Re1+ 57. Kf5 Rf1+ 58. Ke5 Rxf6 59.
Kxf6 Kd6 60. Kf5 Kxd5 1/2-1/2

[Event "Rilton Cup 2013-14"]
[Site "Stockholm SWE"]
[Date "2014.01.02"]
[Round "6.28"]
[White "Cederstam-Barsk, Carl"]
[Black "Norlin, Egor"]
[Result "1-0"]
[WhiteElo "2256"]
[BlackElo "2125"]
[WhiteFideId "1713329"]
[BlackFideId "1713973"]
[EventDate "2013.12.27"]

1. Nf3 Nf6 2. c4 e6 3. g3 d5 4. Bg2 Be7 5. O-O O-O 6. b3 c5 7. Bb2 Nc6 8. cxd5
Nxd5 9. Nc3 Nxc3 10. Bxc3 Qc7 11. Rc1 b6 12. d4 Bb7 13. dxc5 bxc5 14. Qc2 Rac8
15. Qb2 f6 16. Bh3 Nd8 17. Qa3 Qc6 18. Rfe1 Nf7 19. e4 Rfe8 20. Qb2 Bf8 21. Bg2
e5 22. Nd2 Ba6 23. Nf1 Bxf1 24. Bxf1 Ng5 25. Bc4+ Kh8 26. Qe2 Red8 27. Qg4 Qd7
28. Qxd7 Nf3+ 29. Kf1 Rxd7 30. Be6 Nxe1 31. Bxd7 Rd8 32. Kxe1 Rxd7 33. Bd2 Kg8
34. Be3 Rc7 35. Rc4 Kf7 36. Kd2 Ke6 37. Kc3 Kd7 38. Ra4 Kc6 39. Ra5 Rd7 40. Kc4
Kb7 41. Rb5+ Ka6 42. a4 Bd6 43. Kd5 1-0

[Event "Rilton Cup 2013-14"]
[Site "Stockholm SWE"]
[Date "2014.01.02"]
[Round "6.29"]
[White "Orndahl, Markus"]
[Black "Johansen, Stian"]
[Result "0-1"]
[WhiteElo "2206"]
[BlackElo "2079"]
[WhiteFideId "1709135"]
[BlackFideId "1508121"]
[EventDate "2013.12.27"]

1. e4 c5 2. Nf3 Nc6 3. Bc4 e6 4. c3 d5 5. exd5 exd5 6. Bb5 Bg4 7. Qa4 Qe7+ 8.
Kf1 Bd7 9. d4 a6 10. Bg5 f6 11. Nbd2 O-O-O 12. Bf4 g5 13. Bg3 f5 14. Re1 Qf6 15.
Nxg5 Qxg5 16. Nf3 Qg6 17. Bxc6 Bxc6 18. Qa5 Bb5+ 19. c4 b6 20. Qd2 dxc4 21. Qf4
Bd6 22. Ne5 Qg4 23. Qxg4 fxg4 24. a4 Be8 25. dxc5 Bxc5 26. Nxc4 Ne7 27. h3 Bxa4
28. hxg4 Bb5 29. b3 Rd3 30. Kg1 Rxg3 31. Rxe7 Rxb3 0-1

[Event "Rilton Cup 2013-14"]
[Site "Stockholm SWE"]
[Date "2014.01.02"]
[Round "6.31"]
[White "Adler, Bo"]
[Black "Jogstad, Martin"]
[Result "0-1"]
[WhiteElo "2168"]
[BlackElo "1941"]
[WhiteFideId "1702149"]
[BlackFideId "1715364"]
[EventDate "2013.12.27"]

1. d4 d5 2. c4 c6 3. Nc3 Nf6 4. Nf3 e6 5. Bg5 Nbd7 6. cxd5 exd5 7. e3 Be7 8. Qc2
O-O 9. Bd3 Re8 10. O-O h6 11. Bh4 Ne4 12. Bg3 Nxg3 13. fxg3 Nf6 14. Ne5 Be6 15.
Ne2 Bd6 16. Bf5 Bxf5 17. Rxf5 Bxe5 18. dxe5 Ng4 19. Qc3 g6 20. Rf4 Nxe5 21. Raf1
Qc7 22. e4 Rad8 23. h3 dxe4 24. Rxe4 Rd5 25. Kh1 Rd3 26. Qc1 Kg7 27. Nf4 Rxg3
28. Qe1 Rg5 29. Qc3 h5 30. Rfe1 f6 31. Nd3 Rg3 32. Qd4 Rd8 0-1

[Event "Rilton Cup 2013-14"]
[Site "Stockholm SWE"]
[Date "2014.01.02"]
[Round "6.32"]
[White "Gamback, Bjorn"]
[Black "Merkesvik, Sondre"]
[Result "1/2-1/2"]
[WhiteElo "2142"]
[BlackElo "2039"]
[WhiteFideId "1703161"]
[BlackFideId "1514350"]
[EventDate "2013.12.27"]

1. Nf3 Nf6 2. c4 g6 3. b4 Bg7 4. Bb2 O-O 5. e3 a5 6. b5 c6 7. a4 d5 8. cxd5 cxd5
9. Be2 Nbd7 10. O-O Nc5 11. d3 Bf5 12. Nd4 Bd7 13. Nd2 e5 14. N4b3 Nxb3 15. Nxb3
Re8 16. Rc1 b6 17. Rc2 Bf5 18. Qa1 Nd7 19. Rfc1 Be6 20. Nd2 Bf5 21. Nb3 Be6 22.
Nd2 Bf5 23. Nb3 1/2-1/2

[Event "Rilton Cup 2013-14"]
[Site "Stockholm SWE"]
[Date "2014.01.02"]
[Round "6.33"]
[White "Marzano, Carlo"]
[Black "Jacobsen, Bo"]
[Result "0-1"]
[WhiteElo "2166"]
[BlackElo "2302"]
[WhiteFideId "802980"]
[BlackFideId "1400738"]
[EventDate "2013.12.27"]

1. e4 e5 2. Nf3 Nc6 3. Bb5 Nf6 4. Nc3 d6 5. d4 exd4 6. Nxd4 Bd7 7. Bxc6 bxc6 8.
O-O Be7 9. Qf3 O-O 10. e5 dxe5 11. Nxc6 Bxc6 12. Qxc6 Qd6 13. Qc4 Rab8 14. Rd1
Rb4 15. Qe2 Qe6 16. b3 Rg4 17. Bb2 h5 18. Kh1 h4 19. f3 Rg6 20. Nb5 Bd6 21. Re1
Re8 22. Rad1 Nh5 23. Qc4 Qf6 24. Qe4 Nf4 25. Rd2 Qg5 26. Qe3 Qh5 27. c4 h3 28.
g4 Qh4 29. Red1 Ng2 30. Qe4 a6 31. Nc3 Bc5 32. Nd5 c6 33. Nc7 Re7 34. Nxa6 Bd4
35. Re2 Nf4 36. Rxd4 Nxe2 37. Rd8+ Kh7 38. Qxe2 e4 39. f4 Rxg4 40. Bd4 Rg2 41.
Qd1 e3 42. Qb1+ Rg6 43. f5 Qf2 44. fxg6+ fxg6 0-1

[Event "Rilton Cup 2013-14"]
[Site "Stockholm SWE"]
[Date "2014.01.03"]
[Round "7.1"]
[White "Piorun, Kacper"]
[Black "Hammer, Jon Ludvig"]
[Result "1/2-1/2"]
[WhiteTitle "GM"]
[BlackTitle "GM"]
[WhiteElo "2560"]
[BlackElo "2612"]
[WhiteFideId "1130420"]
[BlackFideId "1503707"]
[EventDate "2013.12.27"]

1. d4 Nf6 2. c4 e6 3. Nc3 Bb4 4. f3 d5 5. a3 Bxc3+ 6. bxc3 c5 7. cxd5 Nxd5 8.
dxc5 f5 9. Qc2 Qh4+ 10. g3 Qf6 11. e4 fxe4 12. fxe4 O-O 13. Bg2 Qxc3+ 14. Qxc3
Nxc3 15. Bf4 Bd7 16. Rc1 Na4 17. Bd6 Rc8 18. e5 Bc6 19. Bxc6 Nxc6 20. Nf3 b6 21.
cxb6 axb6 22. O-O h6 23. Kg2 Na5 24. Nd4 Nc4 25. Kh3 Nd2 26. Rfe1 Nc5 27. Bxc5
bxc5 28. Nxe6 Rxa3 29. Nxc5 Nf3 30. Nd7 Rxc1 31. Rxc1 Kf7 32. Kg2 Ke6 1/2-1/2

[Event "Rilton Cup 2013-14"]
[Site "Stockholm SWE"]
[Date "2014.01.03"]
[Round "7.2"]
[White "Grandelius, Nils"]
[Black "Hillarp Persson, Tiger"]
[Result "1-0"]
[WhiteTitle "GM"]
[BlackTitle "GM"]
[WhiteElo "2576"]
[BlackElo "2551"]
[WhiteFideId "1710400"]
[BlackFideId "1700812"]
[EventDate "2013.12.27"]

1. e4 c6 2. d4 d5 3. e5 Bf5 4. h4 h6 5. g4 Bd7 6. Nc3 e6 7. Be3 Qb6 8. Nge2 c5
9. Qd2 Nc6 10. f4 cxd4 11. Nxd4 Bc5 12. O-O-O Nxd4 13. Bxd4 Bxd4 14. Qxd4 Qxd4
15. Rxd4 Ne7 16. Nb5 Bxb5 17. Bxb5+ Nc6 18. Rh3 O-O 19. Bxc6 bxc6 20. Rc3 Rfc8
21. Rc5 h5 22. gxh5 Kh7 23. f5 exf5 24. Rf4 Rc7 25. Rxf5 Rb8 26. c3 Rb5 27. Rxb5
cxb5 28. Kd2 a5 29. Kd3 b4 30. cxb4 axb4 31. Rf4 Rb7 32. Kd4 Kh6 33. Kc5 b3 34.
a4 Kxh5 35. a5 Rc7+ 36. Kb4 Re7 37. a6 g6 38. Kxb3 Rxe5 39. a7 Re8 40. Ra4 Ra8
41. Kc2 1-0

[Event "Rilton Cup 2013-14"]
[Site "Stockholm SWE"]
[Date "2014.01.03"]
[Round "7.3"]
[White "Volkov, Sergey"]
[Black "Socko, Bartosz"]
[Result "1-0"]
[WhiteTitle "GM"]
[BlackTitle "GM"]
[WhiteElo "2623"]
[BlackElo "2657"]
[WhiteFideId "4122763"]
[BlackFideId "1107038"]
[EventDate "2013.12.27"]

1. d4 Nf6 2. c4 e6 3. Nc3 Bb4 4. f3 d5 5. a3 Bxc3+ 6. bxc3 O-O 7. cxd5 exd5 8.
e3 Nh5 9. Ne2 Re8 10. g4 Qh4+ 11. Kd2 Nf6 12. Qe1 Qh6 13. Nf4 c5 14. Bd3 b6 15.
h4 Nfd7 16. Bg6 hxg6 17. g5 Qh7 18. h5 Kf8 19. hxg6 Qg8 20. Qg3 Bb7 21. Nxd5 Ne5
22. gxf7 Nxf7 23. Nc7 g6 24. d5 Nd7 25. e4 Nde5 26. Kc2 Rac8 27. Ne6+ Ke7 28.
Bf4 Nc4 29. Rh4 Red8 30. a4 Qe8 31. Bc7 Ne3+ 32. Kc1 Rxd5 33. exd5 Bxd5 34. Nf4
Kd7 35. Nxd5 Nxd5 36. Re4 Qh8 37. Be5 Nxe5 38. Rxe5 Nxc3 39. Kd2 Re8 40. Rxe8
Qxe8 41. Re1 Qh8 42. Qg4+ Kd8 43. Qf4 Kc8 44. Qf6 Qh4 45. Qc6+ 1-0

[Event "Rilton Cup 2013-14"]
[Site "Stockholm SWE"]
[Date "2014.01.03"]
[Round "7.5"]
[White "Krasenkow, Michal"]
[Black "Cramling, Pia"]
[Result "1-0"]
[WhiteTitle "GM"]
[BlackTitle "GM"]
[WhiteElo "2633"]
[BlackElo "2525"]
[WhiteFideId "1113100"]
[BlackFideId "1700030"]
[EventDate "2013.12.27"]

1. Nf3 d5 2. d4 Nf6 3. c4 c6 4. Nbd2 Bf5 5. g3 e6 6. Bg2 h6 7. Ne5 Nbd7 8. Nxd7
Qxd7 9. O-O Be7 10. b3 O-O 11. Bb2 Rfd8 12. e3 b5 13. c5 a5 14. a4 b4 15. f3 Bd3
16. Rf2 Qc7 17. Rc1 Nd7 18. e4 Qa7 19. Nf1 Ba6 20. e5 Rf8 21. f4 f5 22. exf6
Nxf6 23. Qc2 Rae8 24. Re1 Bd8 25. Nd2 g5 26. Bh3 g4 27. Bf1 Bxf1 28. Kxf1 Qh7
29. Qd1 Bc7 30. Rfe2 Qf5 31. Re3 Kf7 32. Kg1 Rg8 33. Qe2 Nd7 34. Nf1 Re7 35. Bc1
h5 36. Nd2 Rge8 37. Rf1 Kg8 38. Rf2 Rf7 39. Nf1 Rfe7 40. Re5 Bxe5 41. fxe5 Qe4
42. Qxe4 dxe4 43. Bf4 Rf7 44. Nd2 e3 45. Bxe3 Rxf2 46. Kxf2 Kf7 47. Nc4 Ra8 48.
Bg5 Nf8 49. Nd6+ Kg7 50. Bf6+ Kg8 51. Ke3 Nh7 52. Be7 Kg7 53. Bh4 Kg6 54. d5
exd5 55. e6 Nf6 56. e7 Ne8 57. Kd4 Rb8 58. Ke5 Ng7 59. Bf6 Ne8 60. Nxe8 Rxe8 61.
Ke6 Ra8 62. Bd4 Rb8 63. Be5 Rg8 64. Bc7 d4 65. Bxa5 d3 66. Bxb4 1-0

[Event "Rilton Cup 2013-14"]
[Site "Stockholm SWE"]
[Date "2014.01.03"]
[Round "7.6"]
[White "Goganov, Aleksey"]
[Black "Urkedal, Frode"]
[Result "1-0"]
[WhiteTitle "GM"]
[BlackTitle "IM"]
[WhiteElo "2581"]
[BlackElo "2492"]
[WhiteFideId "24109959"]
[BlackFideId "1506102"]
[EventDate "2013.12.27"]

1. d4 Nf6 2. c4 e6 3. Nf3 Bb4+ 4. Bd2 Qe7 5. g3 Nc6 6. Nc3 Bxc3 7. Bxc3 Ne4 8.
Rc1 O-O 9. Bg2 d6 10. d5 Nb8 11. Bb4 e5 12. Nd2 Nxd2 13. Qxd2 Na6 14. Ba3 e4 15.
Qd4 Re8 16. b4 Bg4 17. Bb2 f6 18. a3 c5 19. dxc6 bxc6 20. Qe3 c5 21. b5 Nc7 22.
O-O Rad8 23. a4 d5 24. cxd5 Nxd5 25. Qxc5 Qxc5 26. Rxc5 Nb6 27. a5 Na4 28. Rc2
Rc8 29. Rxc8 Rxc8 30. Bd4 Bxe2 31. Rb1 Bd3 32. Bh3 Rb8 33. Rb4 Rxb5 34. Rxb5
Bxb5 35. Bxa7 Nc3 36. Bc8 Kf7 37. Bb8 Bc6 38. Bd6 Nb5 39. Bc5 Ke8 40. Be6 Bb7
41. Bc4 Nc7 42. Bg8 h5 43. Kf1 Ba6+ 44. Ke1 Kd7 45. Bf7 Ne6 46. Be3 h4 47. gxh4
f5 48. h5 Ke7 49. Bg8 f4 50. Bxe6 fxe3 51. Bd5 exf2+ 52. Kxf2 Kf6 53. Bxe4 Kg5
54. Bf3 Kf4 55. Be2 Bb7 56. Bb5 Bc8 57. Ke2 Ke4 58. a6 Bxa6 59. Bxa6 Kf5 60.
Bd3+ Kf6 61. Bg6 Ke7 62. Kf3 Kf8 63. Bh7 Kf7 64. Kg4 g5 65. h6 Kf6 66. Kh5 1-0

[Event "Rilton Cup 2013-14"]
[Site "Stockholm SWE"]
[Date "2014.01.03"]
[Round "7.7"]
[White "Tikkanen, Hans"]
[Black "Semcesen, Daniel"]
[Result "1/2-1/2"]
[WhiteTitle "GM"]
[BlackTitle "IM"]
[WhiteElo "2548"]
[BlackElo "2488"]
[WhiteFideId "1706446"]
[BlackFideId "1706993"]
[EventDate "2013.12.27"]

1. Nf3 f5 2. g3 Nf6 3. Bg2 g6 4. O-O Bg7 5. c4 O-O 6. Nc3 Nc6 7. d4 d6 8. Rb1 e5
9. dxe5 dxe5 10. Qb3 h6 11. Rd1 Qe8 12. Nd5 Qf7 13. Be3 Rb8 14. Bxa7 Nxa7 15.
Nxe5 Qe8 16. Nxg6 Rf7 17. Ngf4 Nc6 18. Nxf6+ Rxf6 19. Bf3 Ne5 20. Bh5 Qf8 21.
c5+ Kh7 22. Qe3 Nf7 23. h4 b6 24. Rbc1 bxc5 25. Rxc5 c6 26. b3 Rb4 27. Qc1 Nd8
28. Ra5 Ne6 29. Nd3 Rd4 30. Ra8 Nc7 31. Ra7 Nb5 32. Ra8 Rfd6 33. Bf3 Nc7 34. Rb8
Na6 35. Ra8 Qd8 36. Bxc6 Nc7 37. Rb8 Na6 38. Ra8 Nc7 39. Rb8 Na6 40. Ra8 Nc7 1/2-1/2

[Event "Rilton Cup 2013-14"]
[Site "Stockholm SWE"]
[Date "2014.01.03"]
[Round "7.8"]
[White "Smirnov, Artem"]
[Black "Blomqvist, Erik"]
[Result "1-0"]
[WhiteTitle "IM"]
[BlackTitle "GM"]
[WhiteElo "2418"]
[BlackElo "2519"]
[WhiteFideId "4143256"]
[BlackFideId "1709437"]
[EventDate "2013.12.27"]

1. d4 d5 2. c4 c6 3. Nf3 Nf6 4. Nc3 dxc4 5. a4 Bf5 6. Nh4 e6 7. Nxf5 exf5 8. Bg5
Bb4 9. Bxf6 Qxf6 10. e3 a5 11. Bxc4 Nd7 12. O-O O-O 13. Qf3 Rfe8 14. Rfd1 Rad8
15. Rac1 g6 16. g3 Kg7 17. Bb3 h5 18. h4 Qe7 19. Ne2 Bd6 20. Kg2 Bb8 21. Bc4 Qb4
22. b3 Nf6 23. Nc3 Re7 24. Na2 Qa3 25. Nc3 Red7 26. Rc2 Qb4 27. Na2 Qe7 28. Nc3
Bd6 29. d5 Be5 30. dxc6 Rxd1 31. Nxd1 bxc6 32. Nb2 Bxb2 33. Rxb2 Ne4 34. Rc2 Qb4
35. Qf4 Qe7 36. Be2 Qe6 37. Bf3 Rd3 38. Bxe4 fxe4 39. Rc4 Rxb3 40. Rxe4 Qd5 41.
Qe5+ Qxe5 42. Rxe5 Ra3 43. Rxa5 c5 44. Kf3 c4 45. Kf4 c3 46. e4 c2 47. Rc5 Rxa4
48. Rxc2 Ra5 49. f3 Ra3 50. Rc7 Ra4 51. g4 hxg4 52. Kxg4 Rb4 53. h5 gxh5+ 54.
Kxh5 Rb5+ 55. Kg4 Ra5 56. f4 Ra1 57. e5 Re1 58. Kf5 Re2 59. Rc3 Rf2 60. Rh3 Rf1
61. Rh4 Ra1 62. Rg4+ Kf8 63. Kg5 Ra5 64. Rg1 Ke7 65. Rb1 Ra2 66. Rb7+ Kf8 67. f5
Ra6 68. Rb8+ Ke7 69. Rb7+ Kf8 70. Rb8+ Ke7 71. f6+ Ke6 72. Re8+ Kd5 73. Re7 Ra1
74. Kh6 Rg1 75. Re8 Rg2 76. Kh7 Rg6 77. Rg8 1-0

[Event "Rilton Cup 2013-14"]
[Site "Stockholm SWE"]
[Date "2014.01.03"]
[Round "7.10"]
[White "Akesson, Ralf"]
[Black "Sagit, Rauan"]
[Result "1-0"]
[WhiteTitle "GM"]
[BlackTitle "FM"]
[WhiteElo "2448"]
[BlackElo "2369"]
[WhiteFideId "1700120"]
[BlackFideId "1708376"]
[EventDate "2013.12.27"]

1. d4 Nf6 2. Nf3 c5 3. d5 b5 4. Bg5 Ne4 5. Bf4 Qa5+ 6. Nbd2 Bb7 7. a4 Nxd2 8.
Nxd2 bxa4 9. e4 Ba6 10. Bxa6 Qxa6 11. c4 d6 12. O-O Nd7 13. Rxa4 Qb7 14. Qa1 Rg8
15. b4 g5 16. Be3 cxb4 17. Rxa7 Rxa7 18. Bxa7 Bg7 19. Qa4 Bc3 20. Nb3 Kf8 21.
Be3 f6 22. Na5 Qc7 23. Nc6 Kf7 24. Nxb4 Bxb4 25. Qxb4 Rc8 26. Rc1 Ne5 27. Qb3
Qb8 28. Qa2 Qb4 29. c5 dxc5 30. Qa6 Re8 31. Qe6+ Kg7 32. d6 c4 33. Bxg5 Qb5 34.
Be3 exd6 35. Qxd6 Qb7 36. f3 Nd3 37. Ra1 Ra8 38. Rf1 Rc8 39. Bd4 Rc6 40. Qd5 Qc8
41. Ra1 Ra6 42. Rb1 Rc6 43. e5 fxe5 44. Bxe5+ Nxe5 45. Qxe5+ Kf7 46. Rb8 Qd7 47.
Qf4+ Kg7 48. h4 Qd1+ 49. Kh2 Qd6 50. Rb7+ Kg8 51. Rb8+ Kg7 52. Rb7+ Kg8 53. Qxd6
Rxd6 54. Rc7 Rd4 55. g4 h5 56. Kg3 Kf8 57. g5 Kg8 58. f4 Rd3+ 59. Kf2 Rh3 60.
Rxc4 Rxh4 61. Kf3 Kg7 62. Ke4 Rh1 63. Kf5 Rf1 64. Rc7+ Kg8 65. Kg6 Rxf4 66. Rc8+
Rf8 67. Rxf8+ Kxf8 68. Kh7 1-0

[Event "Rilton Cup 2013-14"]
[Site "Stockholm SWE"]
[Date "2014.01.03"]
[Round "7.11"]
[White "Tsyhanchuk, Stanislav"]
[Black "Lauber, Arnd"]
[Result "1-0"]
[WhiteTitle "IM"]
[BlackTitle "IM"]
[WhiteElo "2398"]
[BlackElo "2448"]
[WhiteFideId "13505130"]
[BlackFideId "4632630"]
[EventDate "2013.12.27"]

1. Nf3 Nf6 2. b3 d5 3. Bb2 c5 4. e3 e6 5. c4 Nc6 6. cxd5 exd5 7. Bb5 Bd6 8. O-O
O-O 9. d4 Bg4 10. dxc5 Bxc5 11. Bxc6 bxc6 12. Nc3 Bd6 13. Ne2 Re8 14. Ng3 h5 15.
h3 Bxg3 16. fxg3 Be6 17. Ng5 Ne4 18. Nxe4 dxe4 19. Qxh5 Qd5 20. Qxd5 Bxd5 21. b4
a5 22. a3 axb4 23. axb4 Rxa1 24. Rxa1 Rb8 25. Bc3 Kh7 26. g4 Rb5 27. h4 Be6 28.
g5 Kg6 29. Kf2 Bc4 30. Ra5 Be6 31. Kg3 Bc4 32. Kf4 Rd5 33. Bd4 Rb5 34. g4 Kh7
35. h5 Rb7 36. Ra8 Be6 37. h6 f6 38. hxg7 Kxg7 39. gxf6+ Kg6 40. Re8 Kf7 41. Rh8
Kg6 42. g5 Rh7 43. Rxh7 Kxh7 44. Ke5 Bb3 45. Kd6 Kg6 46. Kxc6 1-0

[Event "Rilton Cup 2013-14"]
[Site "Stockholm SWE"]
[Date "2014.01.03"]
[Round "7.12"]
[White "Socko, Monika"]
[Black "Englert, Fabian"]
[Result "1-0"]
[WhiteTitle "GM"]
[WhiteElo "2440"]
[BlackElo "2316"]
[WhiteFideId "1106619"]
[BlackFideId "24614467"]
[EventDate "2013.12.27"]

1. e4 c5 2. Nf3 e6 3. g3 b6 4. Bg2 Bb7 5. Nc3 Nf6 6. Qe2 Be7 7. O-O O-O 8. Rd1
d5 9. e5 Nfd7 10. d3 Nc6 11. h4 a6 12. Bf4 Nd4 13. Nxd4 cxd4 14. Nb1 Rc8 15. Rc1
a5 16. Nd2 a4 17. Rab1 a3 18. b4 b5 19. Qg4 Kh8 20. Nf3 Qb6 21. Bg5 Bxg5 22.
hxg5 Rc3 23. Qf4 Kg8 24. Nxd4 Ba6 25. Re1 Rfc8 26. Re2 Nb8 27. Bh3 Qd8 28. Kg2
Qe7 29. Rh1 Nc6 30. Nxc6 R8xc6 31. Rc1 Qc7 32. Qd4 Qb6 33. Qxb6 Rxb6 34. Kf3
Rbc6 35. Ke3 R6c4 36. Kd2 Rc7 37. Re3 d4 38. Re4 Bb7 39. Rxd4 g6 40. Rd7 Rxc2+
41. Rxc2 Rxd7 42. Rc3 Rd4 43. Rc7 Bh1 44. Rc8+ Kg7 45. Rc1 Ba8 46. Bxe6 Be4 47.
Ke3 Rxb4 48. Rc7 Bg2 49. Rxf7+ Kg8 50. Rf4+ 1-0